| 000 | 02071nam a2200289Ia 4500 | ||
|---|---|---|---|
| 003 | PE SENCICO BE | ||
| 005 | 20260218194812.0 | ||
| 008 | 200515s9999 xx 000 0 und d | ||
| 020 | _a9972-625-64-8 | ||
| 040 |
_aPE SENCICO BE _cPE SENCICO BE |
||
| 041 | _aspa | ||
| 082 |
_a541 _bL5 |
||
| 110 | 1 |
_aLexus editores _988 |
|
| 245 | 1 | 0 |
_aLa Biblia de la física y química / _cLexus editores |
| 250 | _a[1a ed.] | ||
| 260 |
_aBarcelona : _bLexus ; _c2003 |
||
| 300 |
_a1002 páginas : _bilustraciones a color, tablas, gráficos ; _c26 cm. |
||
| 505 | 0 | _aFísica: magnitudes físicas -- Cinemática -- Estática y dinámica de la partícula -- Física de fluidos -- Trabajo y energía -- Dinámica de los sistemas de partículas -- Dinámica de rotación -- Energía térmica -- Termodinámica -- Movimiento vibratorio armónico simple -- Movimiento ondulatorio -- Óptica -- Campos gravitatorio y electrostático -- Capacidad y condensadores -- Corriente continua -- Electromagnetismo -- Inducción electromagnética -- Corriente alterna -- Electrónica -- La luz -- Física nuclear de baja energía -- Química: estados de agregación de la materia -- La transformación química -- Estructura atómica -- El sistema periódico -- El enlace químico -- Termoquímica -- Cinética química -- Ácidos y bases -- Reacciones REDOX -- Reacciones de precipitación y formación de complejos -- Descriptiva de los principales elementos representativos -- Metalurgia -- Métodos de la química analítica -- Química del carbono -- Hidrocarburos -- Compuestos orgánicos oxigenados -- Compuestos orgánicos halogenados y nitrogenados -- Lípidos, hidratos de carbono y proteínas -- Polímeros -- Formulación y nomenclatura inorgánica -- Formulación y nomenclatura orgánica -- Resolución de los ejercicios | |
| 650 | 1 | 0 |
_aQuímica _9268 |
| 650 | 2 | 0 |
_aFísica _9280 |
| 650 | 2 | 0 |
_aCinemática _9281 |
| 650 | 2 | 0 |
_aDinámica _9282 |
| 650 | 2 | 0 |
_aTermodinámica _9259 |
| 650 | 2 | 0 |
_aElectromagnetismo _9283 |
| 650 | 2 | 0 |
_aReacciones químicas _9284 |
| 942 |
_cLIB _2ddc |
||
| 999 |
_c670 _d670 |
||